<?xml version="1.0" encoding="UTF-8"?>
<record
    xmlns:xsi="http://www.w3.org/2001/XMLSchema-instance"
    xsi:schemaLocation="http://www.loc.gov/MARC21/slim http://www.loc.gov/standards/marcxml/schema/MARC21slim.xsd"
    xmlns="http://www.loc.gov/MARC21/slim">

  <leader>01973nam a2200325 a 4500</leader>
  <controlfield tag="001">BRCA_4968</controlfield>
  <controlfield tag="005">20190320204900.0</controlfield>
  <controlfield tag="008">251010c1711----mx-######v---#000-0#----#</controlfield>
  <datafield tag="041" ind1=" " ind2=" ">
    <subfield code="a">spa</subfield>
  </datafield>
  <datafield tag="044" ind1=" " ind2=" ">
    <subfield code="a">mx</subfield>
  </datafield>
  <datafield tag="084" ind1=" " ind2=" ">
    <subfield code="a">DOC62</subfield>
    <subfield code="b">.A44</subfield>
    <subfield code="c">1711</subfield>
  </datafield>
  <datafield tag="100" ind1="1" ind2=" ">
    <subfield code="a">Alencastre Noro&#xF1;a  y Silva, Fernando de,</subfield>
    <subfield code="c">Duque de Linares,</subfield>
    <subfield code="d">1641-1717</subfield>
    <subfield code="9">12640</subfield>
  </datafield>
  <datafield tag="245" ind1="1" ind2="0">
    <subfield code="a">Documento firmado por el Virrey Fernando de Alencastre Noro&#xF1;a y Silva</subfield>
    <subfield code="c">Fernando de Alencastre Noro&#xF1;a y Silva ; [Felipe V].</subfield>
  </datafield>
  <datafield tag="260" ind1=" " ind2=" ">
    <subfield code="a">M&#xE9;xico</subfield>
    <subfield code="c">1711</subfield>
  </datafield>
  <datafield tag="300" ind1=" " ind2=" ">
    <subfield code="a">[4] fojas</subfield>
    <subfield code="c">30 x 21 cm.</subfield>
  </datafield>
  <datafield tag="500" ind1=" " ind2=" ">
    <subfield code="a">Documento firmado el 4 de junio de 1711.</subfield>
  </datafield>
  <datafield tag="500" ind1=" " ind2=" ">
    <subfield code="a">Documento en cu&#xE1;l  Don Fernando de Alancastre Noro&#xF1;a y Silva Duque de Linares, da cuenta de una Real C&#xE9;dula que el Rey manda a las Autoridades y Oficiales Reales  de la Corte, a fin de que se guarde, cumpla y ejecute su tenor, procediendo  a lo que se previene en caso de que se presenten  los despachos  que &#xE9;ste expresa  y que de cuenta  como en &#xE9;l se contiene. La Real C&#xE9;dula  ordena  que se revisen los Oficios Reales recibidos en virtud  de estarse falsificando algunos.</subfield>
  </datafield>
  <datafield tag="500" ind1=" " ind2=" ">
    <subfield code="a">Contiene dos sellos con el escudo de la casa de Borb&#xF3;n  y el lema: &#xB4;SELLO QUARTO, UN QUARTILLO, A&#xD1;OS DE MIL SETECIENTOS Y DIEZ Y SETECIENTOS Y ONZE&#xB4;.</subfield>
  </datafield>
  <datafield tag="500" ind1=" " ind2=" ">
    <subfield code="a">El documento contiene la leyenda DOC. #72.</subfield>
  </datafield>
  <datafield tag="500" ind1=" " ind2=" ">
    <subfield code="a">Papel con marca de agua.</subfield>
  </datafield>
  <datafield tag="500" ind1=" " ind2=" ">
    <subfield code="a">Estado de conservaci&#xF3;n: contiene peque&#xF1;as manchas de acidez.</subfield>
  </datafield>
  <datafield tag="506" ind1="0" ind2=" ">
    <subfield code="a">Fondo Reservado. Para su consulta es necesario credencial de usuario y carta de motivos.</subfield>
  </datafield>
  <datafield tag="546" ind1=" " ind2=" ">
    <subfield code="a">Texto en: espa&#xF1;ol de principios del siglo XVIII.</subfield>
  </datafield>
  <datafield tag="600" ind1="1" ind2="4">
    <subfield code="a">Alencastre Noro&#xF1;a y Silva, Fernando de,</subfield>
    <subfield code="b">Duque de Linares,</subfield>
    <subfield code="d">1641-1717</subfield>
    <subfield code="x">Historia</subfield>
    <subfield code="9">12641</subfield>
  </datafield>
  <datafield tag="650" ind1="1" ind2="4">
    <subfield code="a">Documentos legales</subfield>
    <subfield code="v">Impreso</subfield>
    <subfield code="x">Historia</subfield>
    <subfield code="y">Casa de Borb&#xF3;n, 1700</subfield>
    <subfield code="z">Espa&#xF1;a</subfield>
    <subfield code="9">12589</subfield>
  </datafield>
  <datafield tag="651" ind1=" " ind2="4">
    <subfield code="a">M&#xE9;xico</subfield>
    <subfield code="x">Historia</subfield>
    <subfield code="y">Colonia, 1521-1821</subfield>
    <subfield code="9">12461</subfield>
  </datafield>
  <datafield tag="700" ind1="1" ind2=" ">
    <subfield code="a">Felipe</subfield>
    <subfield code="b">V,</subfield>
    <subfield code="c">Rey de Espa&#xF1;a,</subfield>
    <subfield code="d">1683-1746</subfield>
    <subfield code="9">12642</subfield>
  </datafield>
  <datafield tag="902" ind1=" " ind2=" ">
    <subfield code="a">FDH</subfield>
  </datafield>
  <datafield tag="942" ind1=" " ind2=" ">
    <subfield code="2">lcc</subfield>
    <subfield code="c">D</subfield>
  </datafield>
  <datafield tag="999" ind1=" " ind2=" ">
    <subfield code="c">4662</subfield>
    <subfield code="d">4662</subfield>
  </datafield>
  <datafield tag="952" ind1=" " ind2=" ">
    <subfield code="0">0</subfield>
    <subfield code="1">0</subfield>
    <subfield code="4">0</subfield>
    <subfield code="7">0</subfield>
    <subfield code="a">BRCA</subfield>
    <subfield code="b">BRCA</subfield>
    <subfield code="d">2010-10-25</subfield>
    <subfield code="l">0</subfield>
    <subfield code="o">DOC62 .A44 1711</subfield>
    <subfield code="p">5035</subfield>
    <subfield code="r">2019-03-22 00:00:00</subfield>
    <subfield code="w">2019-03-22</subfield>
    <subfield code="y">D</subfield>
  </datafield>
</record>
